Nomeia os 10 maiores rios do mundo - Sudden Death - Statistics

Estatísticas Gerais
  • Esse quiz foi jogado 128 vezes
  • A pontuação média é 4 de 10
Answers on the Grid
Answers color-coded by a green-red scale on the quiz's grid according to % correct below.
Amazônia
Reno
Ob
Bermejo
Nilo
Congo
Yangtsé
Lenissei
Danúbio
Mississipi
Mekong
Amur
Rio Amarelo
Volga
 
Estatísticas das Respostas
Resposta % Correto
Amazônia
97%
Nilo
90%
Mississipi
50%
Congo
45%
Rio Amarelo
40%
Yangtsé
35%
Mekong
29%
Amur
16%
Ob
15%
Lenissei
8%
Nenhum quiz correspondente encontrado
Distribuição das Pontuações
Porcentagem de Pessoas com Cada Pontuação
Percentil de Números Respondidos
Sua Pontuação Histórica
Você não jogou esse quiz